Statistics for Watford FC Top Scorers per season

Click here to take the quiz!

General Stats

  • This quiz has been taken 13 times
    (11 since last reset)
  • The average score is 12 of 17

Answer Stats

SeasonPlayer% Correct
15/16Troy Deeney
100%
14/15Troy Deeney
100%
19/20Troy Deeney
100%
18/19Troy Deeney
100%
11/12Troy Deeney
100%
16/17Troy Deeney
100%
13/14Troy Deeney
100%
18/19Gerard Deulofeu
70%
20/21Ismaila Sarr
70%
21/22Emmanuel Dennis
60%
22/23Joao Pedro
60%
17/18Abdoulaye Doucoure
50%
15/16Odion Ighalo
50%
12/13Matej Vydra
40%
10/11Danny Graham
30%
09/10Danny Graham
30%
08/09Tommy Smith
30%

Score Distribution

Percentile by Number Answered

Percent of People with Each Score

Your Score History

You have not taken this quiz since the last reset